Normal view MARC view
  • Sengespeck, Fritz

Entry Nombre Personal

Number of records used in: 1

001 - NUMERO DE CONTROL

  • campo de control: 54243

003 - IDENTIFICADOR DE NUMERO DE CONTROL

  • campo de control: DLC

005 - FECHA Y HORA DE LA ÜLTIMA TRANSACCIÓN

  • campo de control: 20241023094420.0

008 - DATOS DE LONGITUD FIJA

  • campo de control de longitud fija: 241023|| aca||aabn | aaa d

010 ## - NÚMERO DE CONTROL DE LA BIBLIOTECA DEL CONGRESO

  • Número de control LC: no2011188649

035 ## - NUMERO DE CONTROL

  • Número de control: (OCoLC)oca09056507

040 ## - FUENTE DE CATALOGACIÓN

  • Agencia original de catalogación: PE-LiPUB
  • Lenguaje de catalogación: spa
  • Agencia de transcripción: PE-LiPUB
  • Agencia que lo modifica: UPB
  • Agencia que lo modifica: MX-MxUPN

100 1# - ENCABEZAMIENTO - NOMBRE PERSONAL

  • Nombre personal: Sengespeck, Fritz

374 ## - OCUPACIÓN

  • Occupation: Traductor

377 ## - LENGUA ASOCIADA

  • Language code: spa

670 ## - FUENTE EN LA QUE SE LOCALIZARON DATOS

  • Cita de la fuente: Autoridades LC, 23 octubre 2024 :
  • Información localizada: (Sengespeck, Fritz)
  • Uniform Resource Identifier: https://lccn.loc.gov/no2011188649

902 ## - CATALOGADOR

  • Catalogador: MaríaRobles/231024